00799 2200289 4500001002100000005001500021035002000036007000300056040001700059100003000076245008600106250001000192300003400202020001800236041000800254082001100262090002100273264003200294336002100326337003000347338002300377650001400400850001000414008004100424504002500465990001900490INLIS00000000000564520260501072527 a0010-0222000735ta aSBPUPADbind0 aRachmadi UsmanePengarang1 aDimensi Hukum Surat Berharga :bWarkat Perbankan Dan Pasar uang /cRachmadi Usman aCet.1 ax, 198 hlm. :bilus. ;c21 cm a979-428-394-0 aind a332.76 a331.82 ERW k 9-1 aJakarta :bDjambatan,c2001 2rdacontentaTeks 2rdamediaaTanpa Perantara 2rdacarrieraVolume 4aPerbankan aPUPAD260501 0  aBibliografi, hlm 199 a9614/H/KAPD/09